[Event "89th Hastings Masters 2013-14"]
[Site "Hastings ENG"]
[Date "2013.12.29"]
[Round "2.7"]
[White "Schuster, Martin"]
[Black "Vakhidov, Jahongir"]
[Result "0-1"]
[BlackTitle "IM"]
[WhiteElo "2209"]
[BlackElo "2452"]
[WhiteFideId "4651294"]
[BlackFideId "14201801"]
[EventDate "2013.12.28"]

1. e4 g6 2. d4 Bg7 3. Nc3 d6 4. f4 Nc6 5. Nf3 Bg4 6. Be3 Bxf3 7. gxf3 d5 8. Bb5
e6 9. Bxc6+ bxc6 10. Qe2 Qh4+ 11. Bf2 Qxf4 12. Bg3 Qg5 13. exd5 cxd5 14. Nb5 Kf8
15. Nxc7 Rd8 16. c3 Qe7 17. O-O e5 18. Bxe5 f6 19. Qa6 fxe5 20. Ne6+ Kf7 21.
Nxd8+ Qxd8 22. Qxa7+ Ne7 23. dxe5 Bxe5 24. f4 Bc7 25. Kh1 Qd6 26. Rae1 Rb8 27.
Qf2 Kg8 28. b4 Nf5 29. Re2 d4 30. cxd4 Rxb4 31. Rfe1 Rxd4 32. Re8+ Kf7 33. Qf3
Rxf4 34. Qb3+ Kg7 35. Rg8+ Kh6 0-1

[Event "89th Hastings Masters 2013-14"]
[Site "Hastings ENG"]
[Date "2013.12.29"]
[Round "2.9"]
[White "Mchedlishvili, Mikheil"]
[Black "Milliet, Sophie"]
[Result "1-0"]
[WhiteTitle "GM"]
[BlackTitle "IM"]
[WhiteElo "2649"]
[BlackElo "2387"]
[WhiteFideId "13600966"]
[BlackFideId "623725"]

1. d4 Nf6 2. Nf3 e6 3. c4 b6 4. a3 Bb7 5. Nc3 d5 6. cxd5 Nxd5 7. e3 Be7 8. Bb5+
c6 9. Bd3 O-O 10. O-O Ba6 11. Ne2 Bxd3 12. Qxd3 Nd7 13. e4 N5f6 14. Ng3 Qc7 15.
Bg5 h6 16. Bd2 Rfd8 17. e5 Nd5 18. Qe4 Bf8 19. Qg4 Kh8 20. Qh5 Kg8 21. Rfe1 c5
22. Rac1 Qb7 23. Qg4 Kh8 24. Bg5 Rdc8 25. Rcd1 cxd4 26. Rxd4 Rc2 27. Qh5 Nc5 28.
b4 Na4 29. Ne4 Qc7 30. Nd6 f5 31. Qg6 Bxd6 32. exd6 Qc3 33. Bxh6 gxh6 34. Qxh6+
Kg8 35. Qxe6+ Kg7 36. Rxd5 Rc1 37. Qe7+ 1-0

[Event "89th Hastings Masters 2013-14"]
[Site "Hastings ENG"]
[Date "2013.12.29"]
[Round "2.10"]
[White "Kvisla, Johannes Luangtep"]
[Black "Khenkin, Igor"]
[Result "0-1"]
[BlackTitle "GM"]
[WhiteElo "2149"]
[BlackElo "2598"]
[WhiteFideId "1504533"]
[BlackFideId "4659600"]

1. Nf3 d5 2. c4 d4 3. b4 g6 4. g3 Bg7 5. d3 e5 6. Bg2 Ne7 7. O-O O-O 8. a4 a5 9.
b5 c5 10. Ra2 Ra7 11. e3 dxe3 12. fxe3 b6 13. e4 Nd7 14. Nc3 Nf6 15. Nd5 Ne8 16.
Bg5 f6 17. Be3 Nd6 18. Raf2 Nxd5 19. cxd5 Bg4 20. Qc2 Raf7 21. Nd2 f5 22. h3 Bh5
23. Nc4 Nxc4 24. dxc4 f4 25. gxf4 exf4 26. Rxf4 Bh6 27. Rxf7 Bxe3+ 28. R7f2 Qf6
29. d6 Qxd6 30. Kh1 Rxf2 31. Rxf2 Bd1 32. Qb2 Bxf2 33. Qxf2 Bxa4 34. e5 Qxe5 35.
Bd5+ Kg7 36. Qf7+ Kh6 37. Qf8+ Kg5 38. Qd8+ Qf6 39. h4+ Kf5 40. Qd7+ Kf4 41. Qh3
Qa1+ 42. Kh2 Qe1 43. Bg2 Bd1 44. Qd3 Qxh4+ 45. Kg1 Qe1+ 46. Kh2 Qh4+ 47. Kg1
Qe1+ 48. Kh2 a4 49. Qd6+ Kg4 50. Qxb6 Qe5+ 51. Kg1 Kg3 52. Qa5 Qd4+ 0-1

[Event "89th Hastings Masters 2013-14"]
[Site "Hastings ENG"]
[Date "2013.12.29"]
[Round "2.11"]
[White "Wegerle, Joerg"]
[Black "Jaunooby, Ali R"]
[Result "1-0"]
[WhiteTitle "IM"]
[WhiteElo "2431"]
[BlackElo "2124"]
[WhiteFideId "4644743"]
[BlackFideId "413291"]

1. e4 d6 2. Nc3 g6 3. d4 Bg7 4. Be3 a6 5. Qd2 b5 6. f3 Bb7 7. h4 h6 8. a4 c6 9.
Bd3 Nd7 10. Nce2 Nb6 11. a5 Nd7 12. c3 c5 13. b4 Qc7 14. Nh3 e6 15. Nf2 c4 16.
Bc2 Ngf6 17. O-O-O O-O-O 18. g4 Ng8 19. Rh3 Ne7 20. Rg1 Nc6 21. Kb1 Ne7 22. f4
d5 23. e5 Rdg8 24. f5 Bf8 25. fxe6 fxe6 26. Nf4 Qc6 27. h5 g5 28. Ng6 Nxg6 29.
hxg6 Bg7 30. Nh1 Rf8 31. Qe2 Qc7 32. Ng3 Rhg8 33. Nh5 Bh8 34. g7 Bxg7 35. Bh7
Bh8 36. Bxg8 Rxg8 37. Bc1 Nf8 38. Rf1 Qh7+ 39. Qc2 Qe7 40. Rhf3 Ng6 41. Rf7 Qe8
42. Rh7 Nf8 43. Rxh6 Qe7 44. Nf6 Bxf6 45. exf6 Qf7 46. Qh2 Kd7 47. Qh5 Ke8 48.
Bxg5 e5 49. Be3 e4 50. Qe5+ Kd7 51. Bf4 1-0

[Event "89th Hastings Masters 2013-14"]
[Site "Hastings ENG"]
[Date "2013.12.29"]
[Round "2.12"]
[White "Harari, Zaki"]
[Black "Tomczak, Jacek"]
[Result "0-1"]
[BlackTitle "GM"]
[WhiteElo "2118"]
[BlackElo "2569"]
[WhiteFideId "2002639"]
[BlackFideId "1124668"]

1. e4 e6 2. d4 d5 3. Nc3 Nf6 4. Bg5 dxe4 5. Nxe4 Be7 6. Bxf6 gxf6 7. Nf3 f5 8.
Nc3 a6 9. g3 b5 10. Bg2 Bb7 11. O-O O-O 12. a3 Bf6 13. Qe2 c5 14. dxc5 Nd7 15.
Rad1 Qc7 16. c6 Bxc6 17. Qe3 Bxf3 18. Qxf3 Rac8 19. Qh5 Ne5 20. h3 Nc4 21. Rfe1
Nxb2 22. Ne4 Bg7 23. Rb1 fxe4 24. Rxe4 Qxc2 25. Rbe1 Rc5 26. Qh4 Nd3 27. R1e2
Qd1+ 28. Kh2 Rc1 29. g4 Qg1+ 30. Kg3 Re1 0-1

[Event "89th Hastings Masters 2013-14"]
[Site "Hastings ENG"]
[Date "2013.12.29"]
[Round "2.13"]
[White "Fernandez, Daniel Howard"]
[Black "Brown, Thomas"]
[Result "1-0"]
[WhiteTitle "IM"]
[WhiteElo "2381"]
[BlackElo "2088"]
[WhiteFideId "5801605"]
[BlackFideId "1801430"]

1. e4 c5 2. Nf3 Nc6 3. Bb5 e6 4. O-O Nge7 5. b3 a6 6. Bxc6 Nxc6 7. Bb2 d5 8.
exd5 Qxd5 9. Nc3 Qd7 10. Na4 Qc7 11. d4 cxd4 12. Bxd4 b5 13. Nb6 Rb8 14. Nxc8
Rxc8 15. Bb2 f6 16. a4 Kf7 17. axb5 axb5 18. Qe2 b4 19. Rfe1 Re8 20. Ra6 Bd6 21.
Ng5+ fxg5 22. Qf3+ Kg8 23. Rxc6 Qe7 24. Rb6 h5 25. Qc6 1-0

[Event "89th Hastings Masters 2013-14"]
[Site "Hastings ENG"]
[Date "2013.12.29"]
[Round "2.14"]
[White "Lenier, Jude A"]
[Black "Cherniaev, Alexander"]
[Result "0-1"]
[BlackTitle "GM"]
[WhiteElo "2082"]
[BlackElo "2434"]
[WhiteFideId "470678"]
[BlackFideId "4117301"]

1. e4 c5 2. Nf3 d6 3. d4 cxd4 4. Nxd4 Nf6 5. Nc3 g6 6. Be3 a6 7. h3 h6 8. a4 e5
9. Nf3 Be6 10. a5 Nbd7 11. Ra4 Rc8 12. Nd5 Nxd5 13. exd5 Bf5 14. c3 Nc5 15. Rc4
Bg7 16. b4 Ne4 17. Bb6 Qd7 18. g4 Rxc4 19. Bxc4 Qc8 20. Qb3 Bd7 21. Nd2 Nxd2 22.
Kxd2 h5 23. g5 Bxh3 24. b5 axb5 25. Bxb5+ Bd7 26. Qa4 Bxb5 27. Qxb5+ Kf8 28. Rh4
Kg8 29. Rc4 Qf5 30. Be3 h4 31. Qa4 h3 32. Rh4 Rxh4 33. Qxh4 Qf3 0-1

[Event "89th Hastings Masters 2013-14"]
[Site "Hastings ENG"]
[Date "2013.12.29"]
[Round "2.15"]
[White "Villiers, Thomas"]
[Black "Knott, Simon J B"]
[Result "0-1"]
[BlackTitle "IM"]
[WhiteElo "2078"]
[BlackElo "2317"]
[WhiteFideId "427209"]
[BlackFideId "400645"]

1. c4 Nf6 2. g3 d5 3. cxd5 Nxd5 4. Bg2 g6 5. Nc3 Nxc3 6. bxc3 Bg7 7. Nf3 c5 8.
Rb1 O-O 9. O-O Nc6 10. Qa4 Qc7 11. Ba3 b6 12. Nd4 Nxd4 13. cxd4 Bd7 14. Qc2 Bxd4
15. Bxa8 Rxa8 16. Bb2 Bf5 17. d3 Rd8 18. Rfc1 e5 19. a4 Qc6 20. e4 Bh3 21. Bxd4
Rxd4 22. a5 c4 23. axb6 axb6 24. Qd1 b5 25. Qf3 h5 26. Qe3 c3 27. f4 b4 28. fxe5
Qd7 29. Qe2 Rxd3 30. Rxb4 Rd2 31. Qf3 c2 32. Qe3 Rg2+ 33. Kh1 Qd1+ 34. Qe1 Qf3
35. Rb8+ Kh7 36. Rxc2 Rf2+ 0-1

[Event "89th Hastings Masters 2013-14"]
[Site "Hastings ENG"]
[Date "2013.12.29"]
[Round "2.16"]
[White "Mueller, Constantin"]
[Black "Strugnell, Carl"]
[Result "1-0"]
[BlackTitle "FM"]
[WhiteElo "2047"]
[BlackElo "2291"]
[WhiteFideId "24697630"]
[BlackFideId "616753"]

1. d4 Nf6 2. c4 g6 3. Nc3 d5 4. cxd5 Nxd5 5. Bd2 Nb6 6. Nf3 Bg7 7. Bf4 O-O 8. e3
c5 9. dxc5 N6d7 10. Nd5 e5 11. Bg5 f6 12. Bh4 g5 13. Bg3 Nxc5 14. Rc1 Nbd7 15.
e4 Kh8 16. Nd2 Ne6 17. h4 g4 18. Nc4 Ndc5 19. f3 gxf3 20. gxf3 Bh6 21. Nxe5 f5
22. Rxc5 Nxc5 23. Qd4 Bg7 24. Qxc5 fxe4 25. fxe4 Bd7 26. Ne7 Rf6 27. h5 Be6 28.
N5g6+ Rxg6 29. hxg6 h6 30. Be5 1-0

[Event "89th Hastings Masters 2013-14"]
[Site "Hastings ENG"]
[Date "2013.12.29"]
[Round "2.17"]
[White "Mannion, Stephen R"]
[Black "Helmer, Christoph"]
[Result "1-0"]
[WhiteTitle "IM"]
[WhiteElo "2375"]
[BlackElo "2037"]
[WhiteFideId "2400111"]
[BlackFideId "24606642"]

1. e4 c5 2. Nf3 d6 3. d4 cxd4 4. Nxd4 Nf6 5. Nc3 g6 6. Be3 Bg7 7. f3 O-O 8. Qd2
Nc6 9. O-O-O d5 10. Qe1 e5 11. Nxc6 bxc6 12. exd5 Nxd5 13. Bc4 Be6 14. Ne4 Qb8
15. Bc5 Rd8 16. Qh4 h6 17. g4 Nf4 18. Bxe6 Nxe6 19. Be3 Nf4 20. Rxd8+ Qxd8 21.
Qxd8+ Rxd8 22. Bxa7 Ra8 23. Bc5 Rxa2 24. Kb1 Ra8 25. Rd1 Ne6 26. Be7 Nd4 27. Rd3
f5 28. gxf5 gxf5 29. Ng3 Re8 30. Bc5 Ne6 31. Bd6 Nd4 32. c3 e4 33. fxe4 fxe4 34.
Rxd4 Bxd4 35. cxd4 Kf7 36. Be5 e3 37. Kc2 c5 38. Kd3 cxd4 39. Bxd4 Kg6 40. Bxe3
h5 41. h4 Rb8 42. Bd4 Rf8 43. Ke4 Re8+ 44. Be5 Rc8 45. Ne2 Rc4+ 46. Bd4 Rc2 47.
Nf4+ Kh6 48. b4 1-0

[Event "89th Hastings Masters 2013-14"]
[Site "Hastings ENG"]
[Date "2013.12.29"]
[Round "2.18"]
[White "Taylor, Adam C"]
[Black "Jackson, James P"]
[Result "1/2-1/2"]
[WhiteElo "2025"]
[BlackElo "2282"]
[WhiteFideId "424668"]
[BlackFideId "416860"]

1. g3 Nf6 2. Bg2 d5 3. Nf3 c5 4. c4 e6 5. O-O Nc6 6. cxd5 exd5 7. d4 Be7 8. Nc3
O-O 9. Bg5 c4 10. Ne5 Be6 11. b3 h6 12. Bxf6 Bxf6 13. Nxc6 bxc6 14. bxc4 dxc4
15. e3 Qa5 16. Qc2 c5 17. Ne4 Bxd4 18. exd4 cxd4 19. Nd6 d3 20. Qc1 c3 21. Qe3
d2 22. Bxa8 Rxa8 23. Ne4 Rc8 24. Nxc3 Rxc3 25. Qd4 Rc8 26. Qe3 Rd8 27. f3 Bf5
28. Rfd1 Bc2 29. a3 a6 30. Kf2 Qd5 31. Qc3 Bxd1 32. Rxd1 Qd3 33. Qxd3 Rxd3 34.
a4 Rd4 35. a5 Rd5 36. Ke3 Rxa5 37. Rxd2 Re5+ 38. Kf4 Re8 39. Rd5 Kf8 40. h4 Ra8
41. Ra5 Ke7 42. g4 Kd6 43. h5 g6 44. g5 hxg5+ 45. Kxg5 gxh5 46. Kf6 Ra7 47. f4
h4 48. f5 h3 49. Ra3 h2 50. Rh3 a5 51. Rxh2 a4 52. Ra2 a3 53. Kg7 Kc5 54. f6 Kb4
55. Kf8 Kb3 56. Rh2 a2 57. Rh1 Rb7 58. Kg7 Ka3 59. Rh3+ Ka4 60. Rh8 Ra7 61. Rh1
Rc7 62. Rh8 Rb7 63. Rh1 Rb1 64. Rh8 a1=Q 65. Ra8+ Kb5 66. Rxa1 Rxa1 67. Kxf7 Kc6
68. Ke7 Kc7 69. f7 1/2-1/2

[Event "89th Hastings Masters 2013-14"]
[Site "Hastings ENG"]
[Date "2013.12.29"]
[Round "2.19"]
[White "Spanton, Tim R"]
[Black "Harvey, Marcus R"]
[Result "0-1"]
[WhiteElo "2008"]
[BlackElo "2269"]
[WhiteFideId "404802"]
[BlackFideId "400092"]

1. d4 e6 2. e4 d5 3. Nc3 Nf6 4. Bg5 dxe4 5. Nxe4 Be7 6. Nxf6+ Bxf6 7. Bxf6 Qxf6
8. Nf3 O-O 9. Bd3 Nd7 10. O-O e5 11. dxe5 Nxe5 12. Nxe5 Qxe5 13. c3 Be6 14. Re1
Qc5 15. Qf3 Qb6 16. Re2 Rad8 17. a3 Rd6 18. Rae1 g6 19. b4 Rfd8 20. Bc2 Rd2 21.
Qf4 Rxe2 22. Rxe2 Qd6 23. Qxd6 Rxd6 24. f4 Kf8 25. a4 f5 26. a5 Bc4 27. Re3 Rd2
28. Ba4 c6 29. Re1 Bd5 30. g3 Rg2+ 31. Kf1 Rxh2 32. Re3 Ra2 33. Bd1 Ra1 34. Ke2
Bc4+ 35. Kd2 Ra2+ 36. Ke1 Rg2 37. Rf3 Kf7 38. Re3 Kf6 39. Rf3 h6 40. Re3 g5 41.
fxg5+ hxg5 42. Bh5 Rh2 43. Bf3 g4 44. Bd1 Rg2 45. Ba4 Rg1+ 46. Kd2 Bd5 47. Bd1
Rg2+ 48. Kd3 Be4+ 49. Kc4 Bf3 50. Bxf3 Rxg3 51. Bxc6 Rxe3 52. Bxb7 Ke5 53. b5
Kd6 54. Kd4 f4 55. c4 Kc7 56. Be4 g3 57. c5 Rxe4+ 0-1

[Event "89th Hastings Masters 2013-14"]
[Site "Hastings ENG"]
[Date "2013.12.29"]
[Round "2.20"]
[White "Radovanovic, Jovica"]
[Black "Oyama, Akito"]
[Result "1-0"]
[WhiteTitle "FM"]
[WhiteElo "2339"]
[BlackElo "1998"]
[WhiteFideId "915912"]
[BlackFideId "7001630"]

1. Nf3 f5 2. g3 Nf6 3. Bg2 d6 4. d4 e6 5. O-O Be7 6. b3 O-O 7. Bb2 Qe8 8. Nbd2
Ne4 9. Nxe4 fxe4 10. Nd2 d5 11. f3 exf3 12. exf3 c5 13. f4 Nc6 14. Nf3 Bf6 15.
Qd2 Rf7 16. Kh1 Rc7 17. c4 dxc4 18. dxc5 Rd7 19. Qc1 cxb3 20. axb3 Nb4 21. Bxf6
gxf6 22. Qc4 Nd5 23. Rae1 Qf7 24. Nd4 Rd8 25. Nb5 Kh8 26. f5 Qg8 27. Nd6 b5 28.
Qd4 Rf8 29. fxe6 Bxe6 30. Rxe6 Qxe6 31. Bxd5 Qe2 32. Rxf6 1-0

[Event "89th Hastings Masters 2013-14"]
[Site "Hastings ENG"]
[Date "2013.12.29"]
[Round "2.21"]
[White "Pickersgill, Adrian O"]
[Black "Ledger, Dave J"]
[Result "0-1"]
[BlackTitle "FM"]
[WhiteElo "1988"]
[BlackElo "2246"]
[WhiteFideId "404519"]
[BlackFideId "401986"]
[EventDate "2013.12.28"]

1. e4 e5 2. Nf3 Nc6 3. Bb5 Nf6 4. d3 Bc5 5. O-O Nd4 6. Nxd4 Bxd4 7. c3 Bb6 8.
Nd2 c6 9. Ba4 O-O 10. Nf3 d6 11. h3 h6 12. Re1 Nh7 13. Bb3 Qf6 14. Be3 Re8 15.
Bxb6 axb6 16. Re3 b5 17. a3 Nf8 18. Nh2 Ne6 19. Ng4 Qh4 20. Rg3 Nf4 21. Rc1 Be6
22. Bxe6 Rxe6 23. Ne3 Rg6 24. Nf5 Qf6 25. Rxg6 fxg6 26. Ng3 Rf8 27. Rc2 Qg5 28.
Kh2 h5 29. f3 d5 30. Rd2 Rd8 31. exd5 Rxd5 32. Ne4 Qd8 33. d4 exd4 34. Rxd4 Rxd4
35. Qxd4 Qxd4 36. cxd4 Ne2 37. Nc5 b6 38. Nd7 h4 39. Nxb6 Nxd4 40. a4 bxa4 41.
Nxa4 Ne2 42. Nc3 Nxc3 43. bxc3 Kf7 44. Kg1 Ke6 45. Kf2 Kd5 46. Ke3 Kc4 47. Kd2
g5 48. Kc2 c5 49. Kd2 Kb3 50. Kd3 c4+ 51. Kd4 g6 0-1

[Event "89th Hastings Masters 2013-14"]
[Site "Hastings ENG"]
[Date "2013.12.29"]
[Round "2.22"]
[White "Erzhanov, Arman"]
[Black "Taylor, Adam A"]
[Result "1-0"]
[WhiteTitle "FM"]
[WhiteElo "2325"]
[BlackElo "1983"]
[WhiteFideId "4138821"]
[BlackFideId "415790"]
[EventDate "2013.12.28"]

1. e4 c5 2. b3 Nc6 3. Bb2 e5 4. Bc4 Nf6 5. Nc3 d6 6. Nge2 Bg4 7. h3 Bh5 8. d3 a6
9. a4 Be7 10. g4 Bg6 11. Ng3 h6 12. Nf5 Bxf5 13. gxf5 Rb8 14. Rg1 Kf8 15. Kf1
Nd4 16. Nd5 b5 17. axb5 axb5 18. Nxf6 bxc4 19. Nd5 cxb3 20. cxb3 Nxb3 21. Ra7
Bg5 22. h4 Nd2+ 23. Kg2 Rxb2 24. Qh5 Qe8 25. hxg5 g6 26. Qh3 gxf5 27. Qxf5 hxg5
28. Rc7 Rb8 29. Qf6 Rh7 30. Qxd6+ Kg7 31. Qf6+ Kf8 32. Re7 Qc8 33. Rxf7+ 1-0

[Event "89th Hastings Masters 2013-14"]
[Site "Hastings ENG"]
[Date "2013.12.29"]
[Round "2.23"]
[White "Halfhide, Sebastian"]
[Black "Snape, Ian L"]
[Result "1/2-1/2"]
[WhiteElo "1916"]
[BlackElo "2229"]
[WhiteFideId "1045946"]
[BlackFideId "404489"]
[EventDate "2013.12.28"]

1. c4 Nf6 2. Nc3 g6 3. g3 Bg7 4. Bg2 O-O 5. e4 c5 6. Nge2 Nc6 7. O-O a6 8. b3 b5
9. Bb2 bxc4 10. bxc4 Rb8 11. Rb1 d6 12. d3 Bd7 13. Qd2 Qa5 14. Rfd1 Rfe8 15. Ba1
Nd4 16. h3 Nh5 17. Rbc1 Bxh3 18. Nxd4 cxd4 19. Bxh3 dxc3 20. Bxc3 Bxc3 21. Rxc3
Nf6 22. Rc2 Qa4 23. Rdc1 Qb4 24. Qxb4 Rxb4 25. Rc3 Rd8 26. Ra3 Rb6 27. Ra1 e6
28. Rb3 Rc6 29. Rab1 Nd7 30. Bf1 Nc5 31. Rb8 Rcc8 32. Rxc8 Rxc8 33. Rb6 Rd8 34.
Rc6 e5 35. f3 f6 36. Kf2 Kf7 37. Rc7+ Rd7 38. Rxd7+ Nxd7 39. Bh3 Nc5 40. Ke3 Ne6
41. Bf1 Nd4 42. Bh3 Ne6 43. Bg4 h5 44. Bh3 g5 45. Bf5 a5 46. Bh3 Ke7 47. Bf5 h4
48. gxh4 gxh4 49. Bxe6 Kxe6 50. f4 exf4+ 51. Kxf4 h3 52. Kg3 Ke5 53. Kxh3 Kf4
54. a4 Ke3 55. Kg4 Kxd3 56. Kf5 Kxc4 57. Kxf6 Kd3 58. Ke6 Kxe4 59. Kxd6 Kd4 60.
Ke6 Kc4 61. Ke5 Kb4 62. Kd4 Kxa4 63. Kc4 Ka3 64. Kc3 Ka2 65. Kc2 a4 66. Kc3 a3
67. Kc2 Ka1 68. Kc1 a2 69. Kc2 1/2-1/2

[Event "89th Hastings Masters 2013-14"]
[Site "Hastings ENG"]
[Date "2013.12.29"]
[Round "2.24"]
[White "Willson, Ollie"]
[Black "Kett, Tim"]
[Result "0-1"]
[WhiteElo "1833"]
[BlackElo "2223"]
[WhiteFideId "424714"]
[BlackFideId "1801210"]
[EventDate "2013.12.28"]

1. c4 e5 2. Nc3 Bb4 3. g3 Bxc3 4. bxc3 Nf6 5. Ba3 d6 6. Bg2 c5 7. Rb1 Nc6 8. Nf3
O-O 9. O-O h6 10. d3 Qe7 11. Ne1 e4 12. Nc2 Ne5 13. Ne3 Neg4 14. Nxg4 Bxg4 15.
Re1 Bf5 16. Qd2 Rfe8 17. f3 e3 18. Qb2 b6 19. Qb3 Rac8 20. Ra1 Qe6 21. Bb2 Bh3
22. a4 h5 23. Reb1 h4 24. Qd1 Bxg2 25. Kxg2 hxg3 26. hxg3 Nh5 27. Qh1 Nxg3 28.
Qh4 Nxe2 29. Kf1 Qg6 30. Kxe2 Qg2+ 31. Ke1 Re6 32. Kd1 Qd2# 0-1

[Event "89th Hastings Masters 2013-14"]
[Site "Hastings ENG"]
[Date "2013.12.29"]
[Round "2.25"]
[White "Mu, Ke"]
[Black "Stonehouse, Tom H"]
[Result "0-1"]
[WhiteElo "2302"]
[BlackElo "1772"]
[WhiteFideId "8602778"]
[BlackFideId "423092"]
[EventDate "2013.12.28"]

1. d4 Nf6 2. c4 c5 3. d5 e6 4. Nc3 exd5 5. cxd5 g6 6. Nf3 Bg7 7. g3 O-O 8. Bg2
d6 9. O-O a6 10. a4 Bg4 11. Nd2 Ne8 12. Qb3 Bc8 13. Nc4 Nd7 14. Bf4 Qe7 15. Ne4
Ne5 16. Nb6 Rb8 17. h3 Bf5 18. Nc3 g5 19. Bd2 Bg6 20. f4 gxf4 21. gxf4 Nd7 22.
f5 Nxb6 23. Qxb6 Bh5 24. Ne4 Bd4+ 25. Kh1 Be5 26. Bh6 Bxe2 27. Rf2 Bd3 28. Bxf8
Kxf8 29. Qb3 c4 30. Qb6 Bxe4 31. Bxe4 Qh4 32. Qe3 Nf6 33. Bg2 Ng4 0-1

[Event "89th Hastings Masters 2013-14"]
[Site "Hastings ENG"]
[Date "2013.12.29"]
[Round "2.26"]
[White "Brewer, Callum D"]
[Black "Rowe, Duane"]
[Result "1/2-1/2"]
[BlackTitle "CM"]
[WhiteElo "1693"]
[BlackElo "2218"]
[WhiteFideId "435309"]
[BlackFideId "7400268"]
[EventDate "2013.12.28"]

1. e4 c5 2. c3 b6 3. d4 Bb7 4. Bd3 Nf6 5. Qe2 cxd4 6. cxd4 Nc6 7. Nf3 Nb4 8. Nc3
Nxd3+ 9. Qxd3 Qc8 10. Bf4 Ba6 11. Qd2 e6 12. e5 Nh5 13. Be3 Qb7 14. Ne2 Qe4 15.
O-O Be7 16. Rfc1 Bxe2 17. Qxe2 Nf4 18. Qf1 Nd5 19. Qe2 O-O 20. Qc2 Qg4 21. a3 f6
22. b4 a6 23. Qd3 b5 24. Bd2 Rab8 25. Ra2 f5 26. Rac2 h6 27. Ne1 f4 28. Qf3 Qxf3
29. gxf3 Rf5 30. Nd3 Rg5+ 31. Kf1 Rh5 32. Kg1 1/2-1/2

[Event "89th Hastings Masters 2013-14"]
[Site "Hastings ENG"]
[Date "2013.12.29"]
[Round "2.27"]
[White "Prosviriakov, Vladimir"]
[Black "Atkins, Rita"]
[Result "1-0"]
[WhiteTitle "IM"]
[BlackTitle "WIM"]
[WhiteElo "2282"]
[BlackElo "2176"]
[WhiteFideId "2004860"]
[BlackFideId "408050"]
[EventDate "2013.12.28"]

1. Nf3 d6 2. e4 Nf6 3. Nc3 c6 4. d4 Bg4 5. a4 Nbd7 6. Be2 e5 7. O-O Be7 8. Be3
O-O 9. Nd2 Bxe2 10. Qxe2 Re8 11. f3 Bf8 12. Qf2 Qc7 13. a5 b5 14. dxe5 Nxe5 15.
Rfd1 b4 16. Ne2 d5 17. Ng3 c5 18. exd5 Nxd5 19. Nde4 Nxe3 20. Qxe3 Nc4 21. Qg5
Re6 22. Qd5 Ree8 1-0

[Event "89th Hastings Masters 2013-14"]
[Site "Hastings ENG"]
[Date "2013.12.29"]
[Round "2.28"]
[White "Foisor, Mihaela-Veronica"]
[Black "Bianco, Valerio"]
[Result "1-0"]
[WhiteTitle "WIM"]
[WhiteElo "2216"]
[BlackElo "2151"]
[WhiteFideId "2270757"]
[BlackFideId "800600"]
[EventDate "2013.12.28"]

1. d4 d5 2. c4 c6 3. e3 Nf6 4. Nc3 e6 5. Nf3 Nbd7 6. Qc2 b6 7. Be2 Bb7 8. O-O
Be7 9. Rd1 Qc7 10. e4 dxe4 11. Nxe4 Nxe4 12. Qxe4 O-O 13. Bd3 g6 14. Ng5 Nf6 15.
Qh4 Rae8 16. Bf4 Bd6 17. Be5 Bxe5 18. dxe5 Qxe5 19. Nf3 Qxb2 20. Rab1 Qxa2 21.
Qxf6 Qa3 22. Ra1 Qe7 23. Qxe7 Rxe7 24. Rxa7 Ra8 25. Rda1 Ree8 26. h3 f6 27. Be4
e5 28. g4 Red8 29. Ne1 Rab8 30. Nc2 Ba8 31. Nb4 Rdc8 32. Re7 1-0

[Event "89th Hastings Masters 2013-14"]
[Site "Hastings ENG"]
[Date "2013.12.29"]
[Round "2.29"]
[White "Marusenko, Petr"]
[Black "Anderson, John"]
[Result "1-0"]
[WhiteTitle "IM"]
[WhiteElo "2189"]
[BlackElo "2195"]
[WhiteFideId "14100606"]
[BlackFideId "405353"]
[EventDate "2013.12.28"]

1. d4 d5 2. c4 c6 3. Nf3 Nf6 4. e3 Bf5 5. Nc3 e6 6. Bd3 Bxd3 7. Qxd3 Nbd7 8. O-O
Bd6 9. e4 dxe4 10. Nxe4 Nxe4 11. Qxe4 O-O 12. Bg5 Be7 13. Bf4 Re8 14. Rfd1 Qb6
15. Qc2 a5 16. Rac1 Bf6 17. c5 Qd8 18. Ne5 Bxe5 19. dxe5 Qc7 20. Rd6 Nf8 21. Qe4
Ng6 22. Bg5 h6 23. Bh4 a4 24. Rc3 Qa5 25. h3 Qb5 26. Rd2 Qa5 27. Rd7 Qb5 28. Rc2
Nf8 29. Rd6 Ng6 30. Qd4 Qa5 31. Rc3 Qb5 32. Rg3 Ra5 33. Bd8 Ra8 34. h4 Qe2 35.
Re3 Qh5 36. g4 1-0

[Event "89th Hastings Masters 2013-14"]
[Site "Hastings ENG"]
[Date "2013.12.29"]
[Round "2.30"]
[White "Cafferty, Bernard"]
[Black "Croad, Nicolas"]
[Result "1-0"]
[WhiteTitle "FM"]
[BlackTitle "FM"]
[WhiteElo "2081"]
[BlackElo "2272"]
[WhiteFideId "401005"]
[BlackFideId "4300793"]
[EventDate "2013.12.28"]

1. e3 d5 2. c4 e6 3. d4 Nf6 4. Nf3 b6 5. Nc3 Bd6 6. Bd3 Bb7 7. O-O a6 8. Qc2 O-O
9. e4 dxe4 10. Nxe4 Nbd7 11. Bg5 h6 12. Bh4 Be7 13. Rad1 Nh5 14. Bxe7 Qxe7 15.
Rfe1 Nf4 16. Bf1 c5 17. d5 exd5 18. Neg5 Qxg5 19. Nxg5 hxg5 20. g3 Ng6 21. Qf5
Nf6 22. cxd5 Rad8 23. Bg2 g4 24. d6 Bxg2 25. Kxg2 Rd7 26. Qd3 Ra8 27. a4 Raa7
28. h3 gxh3+ 29. Kxh3 Ra8 30. Kg2 Raa7 31. Qc4 Ra8 32. a5 bxa5 33. Qxc5 Rb8 34.
Re2 Rb5 35. Qc8+ Nf8 36. Qxa6 Rg5 37. Re7 Rd8 38. Qc4 Ne6 39. Rxe6 fxe6 40.
Qxe6+ Kh7 41. d7 Rb5 42. Qe7 Rbb8 43. Qf7 Ng8 44. Qf5+ Kh8 45. Qxa5 Nf6 46. Qf5
Rb6 47. Qc5 Rbb8 48. Qc4 Kh7 49. Qf7 Ng8 50. Rd6 Nh6 51. Qf4 Kg8 52. Rd2 Rb7 53.
Qc4+ Nf7 54. Qc6 Rbb8 55. Re2 Kf8 56. b4 Nh6 57. Qd6+ Kf7 58. Re7+ Kg8 59. Qg6 1-0

[Event "89th Hastings Masters 2013-14"]
[Site "Hastings ENG"]
[Date "2013.12.29"]
[Round "2.31"]
[White "Degro, Heiko"]
[Black "Stewart, Neil"]
[Result "0-1"]
[BlackTitle "FM"]
[WhiteElo "2060"]
[BlackElo "2258"]
[WhiteFideId "24666122"]
[BlackFideId "4636988"]
[EventDate "2013.12.28"]

1. d4 d5 2. c4 c6 3. cxd5 cxd5 4. Nf3 Nf6 5. Nc3 Nc6 6. Bf4 a6 7. Rc1 Bf5 8. Nh4
Bd7 9. Nf3 Rc8 10. Ne5 e6 11. e3 Qb6 12. Nd3 Nb4 13. Nxb4 Bxb4 14. Bd3 Bb5 15.
O-O Bxc3 16. Rxc3 Rxc3 17. bxc3 Bxd3 18. Qxd3 Qc6 19. Rc1 b5 20. Be5 O-O 21.
Bxf6 gxf6 22. Qd1 Kh8 23. Qf3 f5 24. Qf4 f6 25. f3 b4 26. e4 bxc3 27. exf5 exf5
28. Qe3 c2 29. Qe2 Rc8 30. Qe7 Qb6 31. h3 Qxd4+ 32. Kh1 Qb2 33. Rxc2 Qxc2 34.
Qxf6+ Kg8 35. Qe6+ Kg7 36. Qe5+ Kf7 37. Qxd5+ Ke7 38. Qe5+ Kd7 39. Qd4+ Kc6 40.
Qf6+ Kb7 0-1